Statistiques concernant Les Francis célèbres - Photos

Cliquez ici pour prendre le quiz!

Statistiques générales

  • Ce quiz a été pris 174 fois
  • Le résultat moyen est 4 sur 7

Statistiques - réponses

Réponse% Correct
Lalanne
97%
Cabrel
95%
Huster
80%
Perrin
60%
Coppola
20%
Veber
19%
Drake
15%

Distribution des résultats

Percentile par nombre de réponses

% des personnes avec chaque résultat

Votre développement - résultats

Vous n’avez pas pris ce quiz